| 000 | 00413nam a2200157Ia 4500 | ||
|---|---|---|---|
| 003 | GCL | ||
| 008 | 140319s9999 xx 000 0 eng d | ||
| 040 |
_aGCL / _cGCL |
||
| 082 | 0 | 4 |
_a540 _bM U |
| 100 | 1 | _aMAHAN, BRUCE | |
| 245 | 1 | 0 |
_aUniversity Chemistry / _cMAHAN, BRUCE |
| 260 |
_a[S.N] : _bTHE BENJAMIN\ CUMMINGS PUBLISHING COMPAN ، _c1986 |
||
| 300 | _a1076 P | ||
| 650 | 0 | 4 | _aBIOCHEMISTRY |
| 942 |
_2ddc _cBK |
||
| 999 |
_c17288 _d17288 |
||